| 000 | 02112nam0a2200469 4500 | ||
|---|---|---|---|
| 001 | RU\NLR\bibl\1167553 | ||
| 005 | 20260607062323.0 | ||
| 010 |
_a978-5-288-04251-5 _91000 |
||
| 021 |
_aRU _b2007-77213 _94159 |
||
| 035 | _a(nilc)EL/0000152558 | ||
| 035 | _a(NLR Aleph) 001154261 | ||
| 090 |
_a1497116 _c1497116 |
||
| 100 | _a20071107d2007 |||y0rusy50 ca | ||
| 101 | 0 |
_arus _deng |
|
| 102 | _aRU | ||
| 105 | _ay z ||||| | ||
| 200 | 1 |
_aАндрей Михайлович Курбский _eпросопогр. исслед. и герменевт. коммент. к посланиям А. Курбского Ивану Грозному _fА. И. Филюшкин _gС.-Петерб. гос. ун-т |
|
| 210 |
_aСанкт-Петербург _cИзд-во СПбГУ _d2007 |
||
| 215 |
_a620 с. _d23 |
||
| 300 | _aРез. англ. | ||
| 320 | _aБиблиогр. в подстроч. примеч. | ||
| 320 | _aИмен. указ. в конце кн. | ||
| 320 | _aУказ. буквен. обозначений списков посланий А. Курбского Ивану Грозному в конце кн. | ||
| 600 | 1 |
_aКурбский _bА.М. _f1528 - 1583 _gАндрей Михайлович _91042044 _3RU\NLR\auth\66401439 |
|
| 610 | 1 | _a16 век | |
| 610 | 1 | _aКнязь | |
| 610 | 1 | _aРоссия (16 в.) | |
| 610 | 1 | _aЛитература древнерусская | |
| 686 |
_a63.3(2)44-8 Курбский _vLBC/RL _2rubbk |
||
| 686 |
_a83.3(2=Рус)3-8 Курбский _vLBC/RL _2rubbk |
||
| 686 |
_a83.3(2=Рус)3-8 Иван IV _vLBC/RL _2rubbk |
||
| 686 | _aТ3(2)44-8 | ||
| 700 | 1 |
_4070 _7ca _8rus _aФилюшкин _bА. И. _f1970- _gАлександр Ильич _9168192 _3RU\NLR\AUTH\770168240 |
|
| 702 | 1 |
_4280 _7ca _8rus _aКурбский _bА. М. _f1528-1583 _gАндрей Михайлович _9118632 _3RU\NLR\AUTH\778740 |
|
| 801 | 0 |
_aRU _bОмская ГОНБ _c20071107 _grcr |
|
| 801 | 1 |
_aRU _bОмская ГОНБ _c20071107 |
|
| 801 | 2 |
_aRU _bNLR _c20071213 _grcr |
|
| 830 | _aпо кн | ||
| 942 | _cBOOK | ||
| 980 | _aNB | ||